=LDR 00000nam 2200000 4500 =001 INLIS000000000010642 =005 20130612102257 =008 ***********************************Ind** =035 ##$$0010-061300000010642 =041 ##$$a Ind =082 ##$$a 770.1 =090 ##$$a 770.1, Dar t =100 ##$$a DARYANTO =245 ##$$a Teknik fotografi, Daryanto =260 ##$$a 2001 $b Semarang =300 ##$$a iv, 41 hlm, ilus, 20 cm =650 ##$$a Fotografi - Teknik =850 ##$$a NBPNMAT